00000000nam##2200000za#4500
0019.571630
003CaOODSP
00520211126112844
007cr |||||||||||
008150406|1995||||xxc|||||o    f|0| 0 eng|d
022 |a1701-9397
040 |aCaOODSP|beng
043 |an-cn---
0861 |aFB3-2/95-11E-PDF
1102 |aBank of Canada.
24510|aLong-run demand for M1 / |h[electronic resource]|cby Scott Hendry.
260 |aOttawa - Ontario : |bBank of Canada |cNovember 1995.
300 |a79p.|bgraphs, references, tables
4901 |aBank of Canada working paper|x1701-9397|v95-11
500 |a"The goal of this paper is to investigate long-run relationships among money, prices, output and interest rates, with a view to determining whether there is a stable long-run relationship that can be determined as money demand."--Introduction and summary.
500 |aThe ISBN (0-662-23934-2) and ISSN (1192-5434) for the print edition have been incorrectly copied in this electronic publication.
5203 |aThe goal of this paper is to investigate long-run relationships among money, prices, output and interest rates, with a view to determining whether there is a stable long-run relationship that can be determined as money demand.--Introduction and summary
546 |aRésumé en français.
590 |a11-19-Supp|b2011-09-23
69007|aCurrency|2gcpds
7201 |aHendry, Scott
7760#|tLong-run demand for M1 / |w(CaOODSP)9.612648
830#0|aWorking paper (Bank of Canada)|x1701-9397|v95-11|w(CaOODSP)9.504604
85640|ahttp://publications.gc.ca|qPDF|s506 KB|uhttps://publications.gc.ca/collections/Collection/FB3-2-95-11E.pdf|y95-11